[Event "Barcelona Sant Marti op 11th"]
[Site "Barcelona"]
[Date "2024.02.22"]
[Round "7"]
[White "Poyato Duran, David"]
[Black "Tormo Garcia, Joan"]
[Result "1-0"]
[WhiteElo "1718"]
[BlackElo "1441"]
[PlyCount "69"]
[EventDate "2024.01.11"]
[EventType "swiss"]
[EventRounds "9"]
[EventCountry "ESP"]
[SourceTitle "CB11_2024"]
[SourceDate "2024.03.13"]
[SourceVersion "1"]
[SourceVersionDate "2024.03.13"]
[SourceQuality "1"]

1. d4 Nf6 2. c4 g6 3. Nc3 Bg7 4. e4 d6 5. Be2 0-0 6. Be3 e5 7. d5 a5 8. h4 Na6 9. h5 Nc5 10. hxg6 fxg6 11. Bxc5 dxc5 12. Nf3 Ne8 13. Qd2 Nd6 14. 0-0-0 Bg4 15. Ng5 Bxe2 16. Ne6 Qe7 17. Qxe2 Rf6 18. Nxg7 Kxg7 19. Rd3 Raf8 20. Rdh3 h5 21. f3 Rf4 22. b3 Qg5 23. Kb1 Qf6 24. Qe1 Qg5 25. Rg3 Qh6 26. Nd1 b6 27. Nf2 Kf7 28. Nd3 Rf6 29. Nxe5+ Ke8 30. Ng4 Qf4 31. Nxf6+ Qxf6 32. Qe3 Nf7 33. Re1 Ne5 34. Qg5 Qg7 35. Kc2 1-0

[Event "Barcelona Sant Marti op 11th"]
[Site "Barcelona"]
[Date "2024.01.18"]
[Round "2"]
[White "Tormo Garcia, Joan"]
[Black "Turon Mora, Joan"]
[Result "1/2-1/2"]
[WhiteElo "1441"]
[BlackElo "1833"]
[PlyCount "67"]
[EventDate "2024.01.11"]
[EventType "swiss"]
[EventRounds "9"]
[EventCountry "ESP"]
[SourceTitle "CB11_2024"]
[SourceDate "2024.03.13"]
[SourceVersion "1"]
[SourceVersionDate "2024.03.13"]
[SourceQuality "1"]

1. e4 c6 2. d4 d5 3. exd5 cxd5 4. Bd3 Nc6 5. c3 Qc7 6. f4 Nf6 7. Nf3 g6 8. 0-0 Bf5 9. Ne5 e6 10. Qe2 Bxd3 11. Qxd3 Ne4 12. Qh3 Bg7 13. Nd2 f5 14. Ndf3 0-0-0 15. Ng5 Nxg5 16. fxg5 Bxe5 17. dxe5 Qxe5 18. Bf4 Qg7 19. Rae1 e5 20. Bc1 Kb8 21. Qe3 f4 22. Qh3 h6 23. gxh6 Rxh6 24. Qf3 g5 25. g3 e4 26. Qg4 Ne5 27. Bxf4 Ka8 28. Bxe5 Qxe5 29. Rf5 Qh8 30. Re2 d4 31. Qxe4 dxc3 32. Qb4 cxb2 33. Qxb2 Rd1+ 34. Rf1 1/2-1/2

[Event "Barcelona Sant Marti op 10th"]
[Site "Barcelona"]
[Date "2023.03.02"]
[Round "8"]
[White "Garcia Ruiz, Adrian"]
[Black "Tormo Garcia, Joan"]
[Result "1-0"]
[WhiteElo "1769"]
[BlackElo "1792"]
[PlyCount "61"]
[EventDate "2023.01.12"]
[EventType "swiss"]
[EventRounds "9"]
[EventCountry "ESP"]
[SourceTitle "CBM 213 Extra"]
[Source "ChessBase"]
[SourceDate "2023.05.31"]
[SourceVersion "1"]
[SourceVersionDate "2023.05.31"]
[SourceQuality "1"]

1. d4 Nf6 2. c4 g6 3. Nc3 Bg7 4. e4 d6 5. f3 0-0 6. Be3 Nbd7 7. Qd2 c5 8. Nge2 cxd4 9. Nxd4 Ne5 10. 0-0-0 Qc7 11. b3 a6 12. Kb1 Nc6 13. h4 Nxd4 14. Bxd4 h5 15. Bxf6 exf6 16. Qxd6 Qxd6 17. Rxd6 f5 18. Kc2 fxe4 19. Nxe4 Bf5 20. Be2 Rfe8 21. Rhd1 Bxe4+ 22. fxe4 Rxe4 23. Bf3 Rxh4 24. Bxb7 Re8 25. c5 Re2+ 26. R1d2 Rxd2+ 27. Rxd2 Bd4 28. Rxd4 Rxd4 29. c6 Rd5 30. b4 a5 31. c7 1-0

[Event "Foment Martinenc op-C 22nd"]
[Site "Barcelona"]
[Date "2022.04.30"]
[Round "2"]
[White "Abascal Vicente, Ignacio"]
[Black "Tormo Garcia, Joan"]
[Result "1/2-1/2"]
[WhiteElo "1829"]
[BlackElo "1700"]
[PlyCount "75"]
[EventDate "2022.04.23"]
[EventType "swiss"]
[EventRounds "9"]
[EventCountry "ESP"]
[SourceTitle "EXT 2023"]
[Source "ChessBase"]
[SourceDate "2022.10.05"]
[SourceVersion "1"]
[SourceVersionDate "2022.10.05"]
[SourceQuality "1"]

1. e4 e5 2. Nf3 Nc6 3. Bb5 a6 4. Bxc6 dxc6 5. 0-0 Bg4 6. h3 h5 7. d3 Qf6 8. Nbd2 Ne7 9. Qe1 Ng6 10. Qe3 Nf4 11. Kh2 Qg6 12. Nxe5 Qg5 13. Ndf3 Bxf3 14. Qxf3 Qxe5 15. Qxf4 Bd6 16. Qxe5+ Bxe5+ 17. f4 Bd6 18. Be3 f6 19. Kh1 0-0-0 20. d4 Rhe8 21. Rae1 Rxe4 22. c3 Rde8 23. Bd2 Rxe1 24. Rxe1 Rxe1+ 25. Bxe1 Bxf4 26. Kg1 Kd7 27. Kf1 Ke6 28. Ke2 Bd6 29. c4 g5 30. Kf3 f5 31. g4 h4 32. gxf5+ Kxf5 33. b3 b6 34. Bf2 c5 35. d5 Be5 36. Be3 Bd6 37. Bd2 a5 38. a4 1/2-1/2